Welcome to the Holygrace Academy Library

Please use search bar below to get started

RAMAYANA (Record no. 7320)

MARC details
000 -LEADER
fixed length control field 00195nam a22000977a 4500
082 ## - DEWEY DECIMAL CLASSIFICATION NUMBER
Classification number 823
Item number DAV/R
100 ## - MAIN ENTRY--AUTHOR NAME
Personal name HORSBURG, DAVID
245 ## - TITLE STATEMENT
Title RAMAYANA
260 ## - PUBLICATION, DISTRIBUTION, ETC. (IMPRINT)
Place of publication CALCUTTA
Name of publisher OXFORD
Year of publication 1975
942 ## - ADDED ENTRY ELEMENTS (KOHA)
Koha item type Books
Holdings
Withdrawn status Lost status Collection code Home library Current library Date acquired Source of acquisition Full call number Accession Number Koha item type
Withdrawn Damaged Item Fiction Main Library Main Library 01/03/2002 purchase 823 DAV/R 00289 Books